000 00415nam a22001217a 4500
082 _a200 THE
100 _aSyed Saad Farooq
_970719
245 _aTH-SOF-1075-Multi Objective Workspace Optimization of a Tricept Parallel Manipulator using Evolutionary Algorithm
260 _aISLAMABAD
_bNUST COLLEGE OF EME
_c2015
650 _aMS-MECH-72 MSTHESIS
700 _aSUPERVISOR Dr Aamer Ahmed Baqai
_970185
942 _cCF
999 _c577630
_d577630